| 000 | 00340nam a2200133Ia 4500 | ||
|---|---|---|---|
| 005 | 20251222143156.0 | ||
| 008 | 251222s9999||||xx |||||||||||||| ||spa|| | ||
| 020 | _a968-858-064-3 | ||
| 082 | _a614.4/L63 | ||
| 100 | _aLilienfeld, Abraham | ||
| 245 | 0 | _aFundamentos de Epidemología | |
| 264 | _bAddison-Wesley Iberoamericana | ||
| 942 | _cLIB | ||
| 999 |
_c12887 _d12887 |
||